undertale and deltarune character or soundtrack quiz - Statistics

General Stats
  • This quiz has been taken 193 times
  • The average score is 14 of 15
Answer Stats
Hint Answer % Correct
goat mum (boss theme) toriel/heartache
99%
brother of long skeleton (normal theme) sans/sans.
97%
DELTARUNE QUESTIONS (answer yes) yes
97%
brother of short skeleton (normal theme) papyrus/nyeh heh heh
96%
dino scientist (normal theme) alphys/alphys
95%
CHAPTER 2 (answer ok) ok
95%
school bully (normal theme) susie/susie
95%
fish (boss theme) undyne/spear of justice
95%
king of ebott (boss theme) asgore/asgore
94%
robot masterpiece (boss theme) mettaton/metal crusher
93%
nerdy bird (first boss theme) berdly/smart race
92%
depressed ghost (boss theme) napstablook/ghost fight
92%
pc queen (boss theme) queen/attack of the killer queen
91%
magic deer (normal theme) noelle/lost girl
88%
bouncy little pumpkin (normal theme) lancer/lancer's theme
82%
No matching quizzes found
Score Distribution
Percent of People with Each Score
Percentile by Number Answered
Your Score History
You have not taken this quiz